000 00471nam a2200169Ia 4500
008 110201s9999 xx 000 0 und d
082 _bB3072
_aP 33
100 _aपंडित राम
245 _aऋतुरंग
260 _bकालचक्र प्रकाशन
365 _b6
600 _aपंडित राम
630 _aऋतुरंग
700 _aपंडित राम
730 _aऋतुरंग
942 _cBOOK
999 _c829814
_d829811